00500nam a2200193 a 4500001001300000003000900013005001700022008004100039020000800080082001600088100002700104245004000131260003200171300000900203500003500212505001000247650002200257700002700279nice12345678IN_TiNIC20260116011912.0050524s1975 rama grp 000 0 urd  ac500a297.63bISL aIslahi, Mohammad Yusuf aDa`ai-E-Azam, Zikra, April-May 1975 aRampurbMaktaba Zikrac1975 a208p aincludes index and biblioraphy2 aNotes aMuhammad, Prophet1 aIslahi, Mohammad Yusuf